Interpreting Nietzsche : (Record no. 15296)

000 -LEADER
fixed length control field 01829cam a2200337 a 4500
001 - CONTROL NUMBER
control field 16628086
005 - DATE AND TIME OF LATEST TRANSACTION
control field 20170105102915.0
008 - FIXED-LENGTH DATA ELEMENTS--GENERAL INFORMATION
fixed length control field 110128s2011 nyu b 001 0 eng
010 ## - LIBRARY OF CONGRESS CONTROL NUMBER
LC control number 2011004029
020 ## - INTERNATIONAL STANDARD BOOK NUMBER
International Standard Book Number 9781441152411
020 ## - INTERNATIONAL STANDARD BOOK NUMBER
International Standard Book Number 1441152415
020 ## - INTERNATIONAL STANDARD BOOK NUMBER
International Standard Book Number 9781441120045 (pbk.)
020 ## - INTERNATIONAL STANDARD BOOK NUMBER
International Standard Book Number 1441120041 (pbk.)
040 ## - CATALOGING SOURCE
Original cataloging agency DLC
Transcribing agency DLC
Modifying agency DLC
042 ## - AUTHENTICATION CODE
Authentication code pcc
050 00 - LIBRARY OF CONGRESS CALL NUMBER
Classification number B3317
Item number .I65 2011
082 00 - DEWEY DECIMAL CLASSIFICATION NUMBER
Classification number 193
Edition number 22
245 00 - TITLE STATEMENT
Title Interpreting Nietzsche :
Remainder of title reception and influence /
Statement of responsibility, etc. edited by Ashley Woodward.
260 ## - PUBLICATION, DISTRIBUTION, ETC.
Place of publication, distribution, etc. New York :
Name of publisher, distributor, etc. Continuum,
Date of publication, distribution, etc. c2011.
300 ## - PHYSICAL DESCRIPTION
Extent xi, 214 p. ;
Dimensions 24 cm.
504 ## - BIBLIOGRAPHY, ETC. NOTE
Bibliography, etc. note Includes bibliographical references and index.
505 0# - FORMATTED CONTENTS NOTE
Formatted contents note Heidegger's Nietzsche / Sean Ryan -- Loewith's Nietzsche / J. Harvey Lomax -- Bataille's Nietzsche / Yue Zhou -- Kaufmann's Nietzsche / David Rathbone -- Deleuze's Nietzsche / Jon Roffe -- Klossowski's Nietzsche / Ashley Woodward -- Müller-lauter's Nietzsche / Ciano Aydin -- Kofman's Nietzsche / Duncan Large -- Strauss's Nietzsche / Mathew Sharpe and Daniel Townshend -- Vattimo's Nietzsche / Robert T. Valgenti -- Derrida's Nietzsche / Carolyn DeCruz -- Irigaray's Nietzsche / Joanne Faulkner -- Nehamas's Nietzsche / Mark Tomlinson.
600 10 - SUBJECT ADDED ENTRY--PERSONAL NAME
Personal name Nietzsche, Friedrich Wilhelm,
Dates associated with a name 1844-1900.
700 1# - ADDED ENTRY--PERSONAL NAME
Personal name Woodward, Ashley.
856 42 - ELECTRONIC LOCATION AND ACCESS
Materials specified Contributor biographical information
Uniform Resource Identifier <a href="http://www.loc.gov/catdir/enhancements/fy1116/2011004029-b.html">http://www.loc.gov/catdir/enhancements/fy1116/2011004029-b.html</a>
856 41 - ELECTRONIC LOCATION AND ACCESS
Materials specified Table of contents only
Uniform Resource Identifier <a href="http://www.loc.gov/catdir/enhancements/fy1116/2011004029-t.html">http://www.loc.gov/catdir/enhancements/fy1116/2011004029-t.html</a>
856 42 - ELECTRONIC LOCATION AND ACCESS
Materials specified Publisher description
Uniform Resource Identifier <a href="http://www.loc.gov/catdir/enhancements/fy1213/2011004029-d.html">http://www.loc.gov/catdir/enhancements/fy1213/2011004029-d.html</a>
906 ## - LOCAL DATA ELEMENT F, LDF (RLIN)
a 7
b cbc
c orignew
d 1
e ecip
f 20
g y-gencatlg
942 ## - ADDED ENTRY ELEMENTS (KOHA)
Source of classification or shelving scheme
Koha item type Book
Holdings
Withdrawn status Lost status Damaged status Not for loan Collection code Permanent Location Current Location Shelving location Date acquired Total Checkouts Full call number Barcode Date last seen Price effective from Koha item type
          Centre for International Peace & Stability (CIPS) Centre for International Peace & Stability (CIPS) General Stacks 09/27/2013   193 INT 2011 CIPS0001330 11/26/2013 11/26/2013 Book
© 2023 Central Library, National University of Sciences and Technology. All Rights Reserved.